Obnova areálu Cvernovky - Jadro

Salvato in:
Dettagli Bibliografici
Autore principale: Hariš, Juraj (Autore)
Altri autori: Žitňanský, Márius (Relatore della tesi)
Natura: Manoscritto Libro
Lingua:slovacco
Pubblicazione: Bratislava 2016
Soggetti:
Accesso online:http://is.stuba.sk/zp/portal_zp.pl?podrobnosti=120960
Tags: Aggiungi Tag
Nessun Tag, puoi essere il primo ad aggiungerne!!

MARC

LEADER 00000ntm a22000003a 4500
001 stuzp57359
003 SK-STU
005 20210224092955.7
007 ta
008 150427s2015----xo-----f-mn---000-0-slo-d
040 |a STU  |b slo 
041 0 |a slo 
100 1 |a Hariš, Juraj  |u 058180  |4 aut  |U FAD Fakulta architektúry  |T FA Ústav architektúry občianskych budov  |X 8144  |U A8180  |Y 399  |7 A000008144 
242 0 1 |a Conversion of industry areal of Cvernovka - Core - highrised building of school and creative industry  |y eng 
245 1 0 |a Obnova areálu Cvernovky - Jadro 
260 |c 2016  |a Bratislava 
650 4 |a kreatívny priemysel  |2 slo 
650 4 |a škola  |2 slo 
650 4 |a komunitný priestor  |2 slo 
650 4 |a creative industry  |2 eng 
650 4 |a colearning school  |2 eng 
650 4 |a comunity space  |2 eng 
700 1 |a Žitňanský, Márius  |u 058180  |k Z1  |4 ths  |U FAD Fakulta architektúry  |T FA Ústav architektúry občianskych budov  |X 439  |U A8180  |Y 399  |7 A000000439 
856 4 |u http://is.stuba.sk/zp/portal_zp.pl?podrobnosti=120960  |u https://opac.crzp.sk/?fn=detailBiblioForm&sid=A86BEDB9942C84EDDC9A368BE596 
SQL |a stuzp57359  |b DDP  |c SLO  |d Obnova areálu Cvernovky - Jadro  |e 8144  |f Hariš, Juraj  |g 058180  |h 439  |i Žitňanský, Márius  |j 20160602  |k 153  |l 05  |m http://is.stuba.sk/zp/portal_zp.pl?podrobnosti=120960  |n I-ARCH  |o 5.1.1. architektúra a urbanizmus